=LDR 00000nam 2200000 4500 =001 001204 =005 20250710025907 =035 ##$$a 0010-0725000224 =007 ta =008 250710################a##########0#ind## =020 ##$$a 978-623-118-865-6 =082 ##$$a 398.209 598 =084 ##$$a 398.209 598 OKY r =100 #$$a Oky E.noorsari =245 1#$$a Rahasia stoples no.3 /$c Oky E.noorsari =250 ##$$a Cetakan pertama =260 ##$$a Rawamangun :$b Kementerian pendidikan, kebudayaan, riset, teknologi,$c 2022 =300 ##$$a 28 hlm. : $b Ilus. ; $c 21cm =650 #4$$a Cerita anak-indonesia =990 ##$$a TBM00830083